Top 200 Baby Boy Names in the USA in the 2000's - Statistics

General Stats
  • This quiz has been taken 1,194 times
  • The average score is 106 of 200
Answer Stats
Hint Answer % Correct
17 James
93%
18 John
93%
40 Jack
92%
2 Michael
92%
10 William
91%
5 Daniel
89%
12 David
88%
4 Matthew
88%
37 Thomas
88%
31 Jose
87%
36 Robert
87%
67 Alex
86%
130 Paul
86%
7 Andrew
85%
143 George
85%
102 Henry
85%
159 Peter
85%
185 Oliver
84%
25 Benjamin
83%
58 Charles
83%
6 Christopher
83%
1 Jacob
83%
47 Luke
83%
24 Samuel
83%
137 Stephen
83%
79 Steven
83%
9 Joseph
82%
13 Alexander
81%
96 Liam
81%
61 Lucas
81%
111 Mark
80%
90 Richard
80%
15 Ryan
80%
42 Jackson
79%
26 Nathan
79%
27 Zachary
79%
8 Ethan
78%
181 Johnathan
78%
19 Jonathan
78%
3 Joshua
78%
14 Nicholas
78%
139 Nicolas
78%
20 Noah
78%
11 Anthony
77%
50 Jason
77%
60 Adam
76%
131 Edward
76%
33 Kevin
76%
82 Timothy
76%
144 Eli
75%
62 Brian
74%
69 Bryan
74%
29 Justin
73%
21 Brandon
72%
63 Eric
72%
183 Erick
72%
179 Erik
72%
52 Aaron
71%
46 Isaac
71%
56 Kyle
71%
16 Tyler
71%
97 Patrick
70%
38 Jordan
69%
55 Aidan
68%
54 Aiden
68%
156 Ayden
68%
34 Elijah
68%
70 Ian
68%
103 Victor
68%
22 Christian
67%
150 Cristian
67%
48 Mason
66%
23 Dylan
65%
45 Evan
65%
93 Jaden
65%
106 Jake
65%
49 Jayden
65%
65 Nathaniel
65%
71 Owen
65%
66 Sean
65%
170 Shawn
65%
116 Vincent
65%
110 Jeremy
63%
166 Conner
62%
53 Connor
62%
28 Logan
62%
115 Marcus
61%
173 Bradley
60%
39 Cameron
60%
191 Gregory
60%
148 Max
60%
200 Martin
58%
123 Oscar
58%
121 Kenneth
56%
83 Carter
54%
74 Julian
54%
135 Alan
53%
108 Colin
53%
145 Collin
53%
30 Gabriel
53%
57 Juan
53%
41 Hunter
51%
35 Caleb
50%
117 Kaleb
50%
81 Xavier
50%
32 Austin
49%
68 Carlos
49%
78 Jeremiah
48%
44 Isaiah
47%
132 Ivan
47%
161 Jeffrey
47%
99 Jesse
47%
107 Riley
47%
80 Sebastian
47%
172 Jonah
46%
194 Leonardo
46%
114 Parker
46%
76 Cole
45%
151 Derek
44%
89 Cody
43%
122 Joel
43%
190 Raymond
43%
104 Trevor
43%
64 Adrian
42%
75 Chase
42%
192 Abraham
41%
136 Levi
41%
86 Blake
40%
162 Brendan
40%
51 Gavin
40%
87 Hayden
40%
84 Wyatt
40%
171 Braden
39%
85 Brayden
39%
126 Cooper
39%
92 Dominic
39%
163 Travis
39%
98 Carson
38%
138 Grant
38%
94 Antonio
37%
127 Ashton
37%
109 Jared
37%
72 Jesus
37%
134 Maxwell
37%
91 Seth
37%
158 Shane
36%
88 Devin
35%
124 Josiah
35%
73 Landon
35%
160 Damian
34%
155 Nolan
34%
198 Marco
33%
95 Miguel
33%
105 Bryce
32%
180 Edwin
32%
100 Tristan
32%
184 Wesley
32%
43 Angel
31%
193 Elias
31%
119 Brady
30%
153 Brody
30%
120 Colton
30%
133 Preston
30%
113 Garrett
29%
101 Alejandro
28%
112 Caden
27%
125 Jorge
27%
118 Kaden
27%
152 Micah
27%
177 Edgar
26%
168 Javier
26%
146 Spencer
26%
77 Diego
25%
59 Luis
24%
176 Manuel
24%
178 Mario
24%
142 Alexis
21%
149 Ricardo
21%
129 Eduardo
20%
154 Francisco
20%
165 Peyton
20%
182 Devon
19%
128 Tanner
19%
141 Omar
18%
175 Emmanuel
17%
167 Andres
16%
199 Bryson
15%
197 Colby
15%
196 Donovan
15%
164 Fernando
15%
186 Trenton
15%
140 Dakota
14%
187 Hector
14%
157 Dalton
12%
169 Giovanni
12%
147 Gage
11%
188 Malachi
9%
195 Sergio
9%
189 Jalen
7%
174 Cesar
5%
No matching quizzes found
Score Distribution
Percent of People with Each Score
Percentile by Number Answered
Your Score History
You have not taken this quiz